Artsakh Country Quiz - Statistics

General Stats
  • This quiz has been taken 53 times
  • The average score is 8 of 20
Answer Stats
Hint Answer % Correct
Countries with diplomatic relations Armenia
88%
Claimant country Azerbaijan
88%
Official language Armenian
75%
Capital Stepanakert
73%
Main sport Soccer
63%
Country gained independence from Soviet Union
63%
Currency Artsakh dram
55%
Currency Armenian dram
53%
Other name for Artsakh Nagorno-Karabakh
50%
Biggest mountain range Caucasus Mountains
45%
President Arayik Harutyunyan
35%
Main religion (includes subdivision) Orthodox Christianity
33%
Second-largest city Khojavend
28%
Largest body of water Sarsang Reservoir
18%
Province under Azerbaijani control Shahumyan Province
18%
Highest peak Mount Mrav
8%
Official newspaper Azat Artsakh
0%
Governing political party Free Motherland
0%
Longest river Kura River
0%
Countries with diplomatic relations Tuvalu
0%
No matching quizzes found
Score Distribution
Percent of People with Each Score
Percentile by Number Answered
Your Score History
You have not taken this quiz